Postacie z "Wiedźmin" - Statystyki

Ogólne statystyki
  • Ten quiz został rozwiązany 210 razy
  • Średni wynik to 6 z 26
Statystyki odpowiedzi
Odpowiedź % Poprawnych
Geralt
98%
Vesemir
63%
Jaskier
61%
Lambert
59%
Triss Merigold
56%
Eskel
54%
Foltest
27%
Zoltan Chivay
26%
Leo
23%
Shani
23%
Talar
22%
Alvin
15%
Azar Javed
14%
Baranina
11%
Baranina
11%
Berengar
10%
Abigail
8%
Jakub de Aldersberg
7%
Kalkstein
6%
Radowid V Srogi
6%
Vincent Meis
6%
Vaska
4%
Hierofant
3%
Savolla
3%
Haren Brogg
1%
Vetala
1%
Nie znaleziono quizów pasujących do podanych kryteriów
Rozkład punktacji
Procent ludzi z każdym wynikiem
Percentyl według liczby udzielonych odpowiedzi
Twoja historia wyników
Nie rozwiązałeś tego quizu